México : país de ideas, país de novelas : una sociología de la literatura mexicana /
Obra en torno a la evolución de la novela mexicana y la manera cómo se produce en cada época y expresa una determinada visión del mundo.
Guardat en:
| Autor principal: | |
|---|---|
| Format: | Llibre |
| Idioma: | espanyol |
| Publicat: |
México :
Grijalbo,
1987, c1987
|
| Col·lecció: | (Cultura y Sociedad)
|
| Matèries: | |
| Etiquetes: |
Sense etiquetes, Sigues el primer a etiquetar aquest registre!
|
MARC
| LEADER | 00000nam^a2200000^a^4500 | ||
|---|---|---|---|
| 001 | 000117578 | ||
| 005 | 20250521000000.0 | ||
| 009 | 20260310094211.806 | ||
| 020 | |a 968-419-667-9 | ||
| 037 | |a Acervo ITESO - Biblioteca | ||
| 041 | |a ESP | ||
| 082 | |a 860. 972 |b SEF | ||
| 100 | |a Sefchovich, Sara |e (autor) | ||
| 245 | 1 | 0 | |a México : |b país de ideas, país de novelas : una sociología de la literatura mexicana / |c S. Sefchovich. |
| 264 | 4 | |a México : |b Grijalbo, |c 1987, c1987 | |
| 300 | |a 300 p. | ||
| 336 | |a texto |b txt |2 rdacontenido | ||
| 337 | |a sin mediación |b n |2 rdamedio | ||
| 338 | |a volumen |b nc |2 rdasoporte | ||
| 440 | 1 | |a (Cultura y Sociedad) | |
| 520 | |a Obra en torno a la evolución de la novela mexicana y la manera cómo se produce en cada época y expresa una determinada visión del mundo. | ||
| 649 | |a XX | ||
| 650 | |a Novela Mexicana - |x Historia y Crítica | ||
| 650 | |a Literatura Mexicana - |x Historia y Crítica | ||
| 650 | |a Sociología de la Cultura | ||
| 650 | |a Literatura y Sociedad - |z México | ||
| 910 | |a Fondo General | ||
| 920 | |a Impresos - Libros | ||
| 930 | |a Colección General | ||
| 940 | |a Literatura | ||
| 905 | |a 101 | ||
| 901 | |a 0500052930 |b IT1 |c LIT |u 20250521 | ||
| 902 | |a https://opac.biblio.iteso.mx/vufind/Record/000117578 | ||